000
00306nam a22001217a 4500
008
160429b xxu||||| |||| 00| 0 eng d
020
_a
9781608311651
020
_a
16088311651
041
_a
eng
080
_a
618.2
245
_a
Nursing diagnosis:
_c
Sheila Sparks Ralph; Cynthia M. Taylor;
942
_2
udc
_c
BK
999
_c
1682
_d
1682